{"text_format":"3","workbook":"xls","n_sheets":1,"sheets":["Sheet1"],"read":"whole","date_system":"1900","formulas":"cached_only"}

{"sheet":"Sheet1","index":0,"n_rows":16,"n_cols":9,"rows_kept":16,"merged":[[0,0,0,8],[1,0,3,0],[1,1,3,1],[1,2,3,2],[1,3,3,3],[1,4,3,4],[1,5,1,6],[1,7,1,8],[2,5,3,5],[2,6,3,6],[2,7,3,7],[2,8,3,8],[14,0,14,5],[15,0,15,8]],"flags":["formulas_cached_only"]}
["蒙顶山精准旅游扶贫项目《皇茶制作体验中心》勘察、设计、施工（EPC）总承包门窗、栏杆工程报价表"]
["序号","项目名称","项目特征描述","计量\r\n单位","工程量","控制价（含9%税金）",null,"供应商报价（含9%税金）"]
[null,"","","","","综合单价/元","合价/元","综合单价/元","合价/元"]
[null,"","","","","",""]
[1,"铝合金钢化夹胶玻璃窗","1.窗类型：8mm+1.52PVB+8mm铝合金双钢化防火玻璃窗，开启方式详设计;2.材料种类：铝合金型材厚度不低于1.8mm,其余详设计;3.玻璃品种、厚度：8厚钢化玻璃，耐火玻璃限级＞1h，其余详设计;4.其他：未尽事宜应满足设计图纸及现行国家规范要求","㎡",185,640,118400]
[2,"电动卷帘门","1.门材质：叶片采用镀锌钢，表面做聚酯搪瓷烤瓷漆，厚度详设计；2.外围尺寸：详设计；3.做法及启动方式：详设计;4.其他：电机，铝合金叶片，电动锁，五金配件等;","㎡",72.25,210,15172.5]
[3,"钢制防火门","1.门类型：乙级防火门;2.材料品种、规格：规格综合;3.门面层品种、厚度：详设计;4.具体做法：详设计;5.包含门锁、门套、观察窗、闭门器等特殊五金","㎡",34.65,330,11434.5]
[4,"钢制防盗门","1.门类型：钢制防盗门;2.材料品种、规格：规格综合;3.门面层品种、厚度：详设计;4.具体做法：详设计;5.包含门锁、门套、观察窗、闭门器等特殊五金","㎡",25.74,510,13127.4]
[5,"实木套装门","1.门类型：实木成品套装门\n2.框截面尺寸、骨架材料种类、面层材料品种：详设计\n3.防护材料种类：详设计\n4.油漆品种、刷漆遍数：详设计\n5.门锁，五金配件等","㎡",68.42,450,30789]
[6,"不锈钢楼梯栏杆","1.栏杆种类、部位：不锈钢栏杆，部位详设计\n2.做法详西南18J412-48-6b","m",185,190,35150]
[7,"铁艺栏杆","1.栏杆种类、部位：铁艺安全护栏，部位详设计\n2.做法详设计","m",295,370,109150]
[8,"不锈钢护窗栏杆","1.栏杆种类、部位：不锈钢栏杆，部位详设计\n2.做法详西南18J412-62-1b","m",70,175,12250]
[9,"铝合金门窗","1.窗类型：铝合金窗，开启方式详设计;2.材料种类：铝合金型材厚度不低于1.8mm,其余详设计;3.玻璃品种、厚度：一般采用8厚浮法玻璃，8厚磨砂玻璃或压花玻璃用于厕浴间，其余详设计;4.其他：未尽事宜应满足设计图纸及现行国家规范要求","㎡",308,320,98560]
[10,"铝合金百叶窗","\n1.窗类型：铝合金百叶钢窗;2.窗洞尺寸：详设计;2.材料种类：铝合金。","㎡",95,190,18050]
["合计：",{"$nulls":5},462083.4,"报价合计："]
["备注：\n    1.报价均保留小数点后两位。\n    2.以上数量为暂定数量、暂定总价（不含税）XXX 元；暂定含税总价 XXX  元，税率 9 %，税额XXX 元，结算按图纸及甲方书面确认的收方数量为准。\n    3.上述综合单价为含税固定综合单价，包括但不限于按照设计及相关规范要求及现场施工要求充分考虑计取了人工费、材料费、机械费、管理费、利润等一切费用。\n    4.税率如遇国家的税率下调，则价税合计相应调整，以开具发票的时间为准。\n    5.供应商的首次报价不得高于竞价起始价，之后的报价不得高于之前的最低报价，且综合单价、合价均不得超过以上各自的控制价，否则视为无效报价，并取消其下一轮报价资格。"]